Overview of national public policies supporting health-promoting sports clubs (notice n° 2212583)

détails MARC
000 -LEADER
fixed length control field 02203cam a2200229 4500500
005 - DATE AND TIME OF LATEST TRANSACTION
control field 20260419000835.0
041 ## - LANGUAGE CODE
Language code of text/sound track or separate title fre
042 ## - AUTHENTICATION CODE
Authentication code dc
100 10 - MAIN ENTRY--PERSONAL NAME
Personal name Van Hoye, Aurélie
Relator term author
245 00 - TITLE STATEMENT
Title Overview of national public policies supporting health-promoting sports clubs
260 ## - PUBLICATION, DISTRIBUTION, ETC.
Date of publication, distribution, etc. 2026.<br/>
500 ## - GENERAL NOTE
General note 8
520 ## - SUMMARY, ETC.
Summary, etc. Introduction: The role of sports clubs in health promotion has been underexploited according to policymakers and researchers. Drawing on the health-promoting sports clubs national audit tool developed by the World Health Organization, this study reviews of national public policies supporting health promotion in sports clubs. Methods: The content of policy documents was analyzed with respect to key quality criteria for health policies (references to other documents, policy framing, and evaluation). We examined the content of these documents (target groups, health topics, type of policy instruments) and the mechanisms used by French decision-makers for coordination, evaluation, dissemination, and implementation of these policies. The document review was completed by interviews with 11 key stakeholders. Results: A total of 56 policy actions were identified across 10 policy documents, primarily from the sports and health ministries. Most actions focused on a single health behavior—physical activity—and two-thirds relied on educational policy instruments rather than systematic changes. Conclusions: The policy landscape is characterized as fragmented, competing with sport-health policies, lacking evaluation and coordination, and remaining distant from implementation at the local level. Future research is needed to better understand the impact of these policies and the alignment between national and local levels.
700 10 - ADDED ENTRY--PERSONAL NAME
Personal name Lallemant, Gabriel
Relator term author
700 10 - ADDED ENTRY--PERSONAL NAME
Personal name Lemonnier, Fabienne
Relator term author
700 10 - ADDED ENTRY--PERSONAL NAME
Personal name Rostan, Florence
Relator term author
700 10 - ADDED ENTRY--PERSONAL NAME
Personal name Tezier, Benjamin
Relator term author
700 10 - ADDED ENTRY--PERSONAL NAME
Personal name Noël Racine, Antoine
Relator term author
700 10 - ADDED ENTRY--PERSONAL NAME
Personal name Vuillemin, Anne
Relator term author
786 0# - DATA SOURCE ENTRY
Note Santé Publique | 38 | 1 | 2026-04-03 | p. 103-115 | 0995-3914
856 41 - ELECTRONIC LOCATION AND ACCESS
Uniform Resource Identifier <a href="https://stm.cairn.info/journal-sante-publique-2026-1-page-103?lang=en&redirect-ssocas=7080">https://stm.cairn.info/journal-sante-publique-2026-1-page-103?lang=en&redirect-ssocas=7080</a>

Pas d'exemplaire disponible.

PLUDOC

PLUDOC est la plateforme unique et centralisée de gestion des bibliothèques physiques et numériques de Guinée administré par le CEDUST. Elle est la plus grande base de données de ressources documentaires pour les Étudiants, Enseignants chercheurs et Chercheurs de Guinée.

Adresse

627 919 101/664 919 101

25 boulevard du commerce
Kaloum, Conakry, Guinée

Réseaux sociaux

Powered by Netsen Group @ 2025